Before and After IV Quiz Stats

Quiz Updated Oct 28, 2016

Challenge
Share
Tweet
Embed
Score 0/17 Timer 06:00
1 Play Today
Hint (Before) Answer % Correct
1998 Tom Hanks WWII movieSaving Private Ryan Seacrest
93.7%
Eli Whitney's famous inventionCotton Gin and Juice
65.8%
State in which Mount Rushmore National Memorial is locatedSouth Dakota Fanning
64.6%
British Prime Minister famous for his oratory skillsWinston Churchill Downs
46%
'Give me your tired, your poor, your huddled masses...' she declaresStatue of Liberty Mutual
44.7%
Fergie hit song or it's falling downLondon Bridge Over Troubled Water
43.7%
He penned 'Paradise Lost'John Milton Bradley
37%
Arkansas' state capitalLittle Rock Lobster
32.3%
The outfit responsible for producing coins in the United StatesUnited States Mint Julep
31.6%
Hint (Before) Answer % Correct
Margaret Mitchell novel and 1939 Oscar Best PictureGone with the Wind Beneath My Wings
31%
According to Charlton Heston in 1973, this 'is people!'Soylent Green Eggs and Ham
27%
Eliza DoolittleMy Fair Lady Marmalade
26.8%
In 1981, she wanted to get 'Physical'Olivia Newton John Roberts
25.8%
Teenage drama on the CW (2003 to 2012)One Tree Hill Street Blues
13.5%
Maurice Sendak beloved picture bookWhere the Wild Things Are You Being Served?
9.9%
The Muppet Show crew on the SwinetrekPigs in Space Invaders
9.7%
Rudyard Kipling short story, later a John Huston FilmThe Man Who Would Be King Kong
8.8%

You're not logged in!

Compare scores with friends on all Sporcle quizzes.
Sign Up with Email
OR
Log In

You Might Also Like...

Show Comments

Extras

Top Quizzes Today


Score Distribution

Your Account Isn't Verified!

In order to create a playlist on Sporcle, you need to verify the email address you used during registration. Go to your Sporcle Settings to finish the process.